000 00572nam a2200205Ia 4500
005 20250508164954.0
008 008 250505s9999 xx 000 0 eng d
020 _a019565547-8
037 _aTextual
040 _aFEDL
_beng
_cFEDL
041 _aeng
_2eng
084 _a303.483, UBE
_qFEDL
100 _aUberoi J P S
245 0 _aEuropean modernity : Science, truth and method
260 _aNew Delhi, India
_bOxford University Press
_c2002
300 _a143p.
365 _aINR
_b45
942 _cTEXL
_h303.483, UBE
999 _c1392403
_d1392403